Protein : (Record no. 14229)
[ view plain ]
| 000 -LEADER | |
|---|---|
| fixed length control field | 01057cam a2200289 a 4500 |
| 001 - CONTROL NUMBER | |
| control field | 14229 |
| 003 - CONTROL NUMBER IDENTIFIER | |
| rucl marc code | BD-RjUL |
| 005 - DATE AND TIME OF LATEST TRANSACTION | |
| control field | 20211208235607.0 |
| 008 - FIXED-LENGTH DATA ELEMENTS--GENERAL INFORMATION | |
| fixed length control field | 140205r19671967it a 000 0 eng d |
| 035 ## - SYSTEM CONTROL NUMBER | |
| System control number | (OCoLC)05013384 |
| System control number | (BD-RjUL)14281 |
| 040 ## - CATALOGING SOURCE | |
| Original cataloging agency | WKM |
| Transcribing agency | WKM |
| Modifying agency | ZCH |
| -- | BD-RjUL |
| Language of cataloging | eng |
| 041 ## - LANGUAGE CODE | |
| Language code of text/sound track or separate title | eng |
| 082 04 - DEWEY DECIMAL CLASSIFICATION NUMBER | |
| Classification number | 613.2 |
| Author mark and year | FOP 1967 |
| Edition number | 19 |
| 110 2# - MAIN ENTRY--CORPORATE NAME | |
| Corporate name or jurisdiction name as entry element | Food and Agriculture Organization of the United Nations. |
| 9 (RLIN) | 5605 |
| 245 10 - TITLE STATEMENT | |
| Title | Protein : |
| Remainder of title | at the heart of the world food problem / |
| Statement of responsibility, etc. | Food and Agriculture Organization of the United Nations. |
| 260 ## - PUBLICATION, DISTRIBUTION, ETC. (IMPRINT) | |
| Place of publication, distribution, etc. | Rome : |
| Name of publisher, distributor, etc. | Food and Agriculture Organization of the United Nations, |
| Date of publication, distribution, etc. | c1964 [reprinted 1967]. |
| 300 ## - PHYSICAL DESCRIPTION | |
| Pagination | vii, 62 p. : |
| Illustrations | ill. ; |
| Size | 20 cm. |
| 500 ## - GENERAL NOTE | |
| General note | "First printed as Chapter III in FAO's report, The state of food and agriculture, 1964." |
| 650 #0 - SUBJECT ADDED ENTRY--TOPICAL TERM | |
| Topical term or geographic name as entry element | Nutrition. |
| 9 (RLIN) | 44443 |
| Topical term or geographic name as entry element | Proteins. |
| 9 (RLIN) | 44444 |
| Topical term or geographic name as entry element | Food supply. |
| 9 (RLIN) | 44445 |
| 830 #0 - SERIES ADDED ENTRY--UNIFORM TITLE | |
| Volume number/sequential designation | no. 5 |
| 830 #0 - SERIES ADDED ENTRY--UNIFORM TITLE | |
| Uniform title | World food problems ; |
| 942 ## - ADDED ENTRY ELEMENTS (KOHA) | |
| Source of classification or shelving scheme | Dewey Decimal Classification |
| Koha item type | Books |
| Lost status | Source of classification or shelving scheme | Damaged status | Not for loan | Collection code | Permanent Location | Current Location | Shelving location | Date acquired | Source of acquisition | Cost, normal purchase price | Total Checkouts | Full call number | Date last seen | Copy number | Koha item type |
|---|---|---|---|---|---|---|---|---|---|---|---|---|---|---|---|
| Dewey Decimal Classification | Not For Loan | Non-fiction | Central Library, University of Rajshahi | Central Library, University of Rajshahi | Reading Room | 13/07/1967 | Shilpaniketan, Dacca. | 4.19 | 613.2 FOP 1967 | 05/02/2014 | C-1 | Books |